| 000 | 01234cam a2200277Ia 4500 | ||
|---|---|---|---|
| 005 | 20151209102102.0 | ||
| 008 | 151209s2012 enkad frb 001 0 eng d | ||
| 020 | _z9780199659036 | ||
| 035 |
_a(OCoLC)813528971 _z(OCoLC)813397861 _z(OCoLC)817822657 _z(OCoLC)922971388 |
||
| 040 |
_aCO-BoUCM _bspa _cSandra Palacio _dSandra Palacio |
||
| 041 | 0 | _aeng | |
| 245 | 0 | 4 |
_aThe role of elites in economic development _ceditado por the late Alice H. Amsden, Alisa DiCaprio, James A. Robinson |
| 260 |
_aOxford (Inglaterra) _bOxford University Press _c2012 |
||
| 300 |
_axxi, 374 páginas _bilustraciones, tablas, gráficos y diagramas |
||
| 490 | 1 | _aUnu-Wider studies in development economics | |
| 504 | _aIncluye referencias bibliográficas e índices | ||
| 650 | 7 |
_aDesarrollo económico _912956 |
|
| 650 | 7 |
_aDesarrollo económico _xAspectos sociales _934203 |
|
| 650 | 7 |
_aElite (Ciencias sociales) _xAspectos económicos _913990 |
|
| 690 |
_942791 _aDesarrollo económico |
||
| 700 | 1 |
_aAmsden, Alice H. _q(Alice Hoffenberg) _eeditor _974223 |
|
| 700 | 1 |
_aDiCaprio, Alisa _eeditor _974224 |
|
| 700 | 1 |
_aRobinson, James A. _eeditor _949183 |
|
| 942 |
_2DEWEY _a7 _cLIBROREF _e1 _h338.9 _mR745ro |
||
| 999 |
_c301210 _d301210 |
||